| Tag |
First Indicator |
Second Indicator |
Subfields |
| LEADER |
00000cam a2200000 i 4500 |
| 001 |
in00005696721 |
| 005 |
20260318163929.4 |
| 006 |
m o d |
| 007 |
cr cnu---unuuu |
| 008 |
220301t20222022nyu ob 001 0 eng d |
| 040 |
|
|
|a N$T
|b eng
|e rda
|e pn
|c N$T
|d OCLCO
|d YDX
|d OCLCQ
|d STBDS
|d TEFOD
|d UKAHL
|d MUU
|d IUL
|d OCLCQ
|d OCLCO
|d CLOUD
|d OCLCO
|d OCLCQ
|d OCLCL
|
| 020 |
|
|
|a 9780190861025
|q (electronic bk.)
|
| 020 |
|
|
|a 0190861029
|q (electronic bk.)
|
| 020 |
|
|
|a 9780190861032
|q (electronic bk.)
|
| 020 |
|
|
|a 0190861037
|q (electronic bk.)
|
| 020 |
|
|
|z 9780190861018
|
| 020 |
|
|
|z 0190861010
|
| 035 |
|
|
|a (OCoLC)1300781206
|
| 037 |
|
|
|a 63B5D73F-4F3B-48B6-AC80-E7DCFC56CCE4
|b OverDrive, Inc.
|n http://www.overdrive.com
|
| 050 |
|
4 |
|a HV4708
|b .S43 2022
|
| 082 |
0 |
4 |
|a 636.08/32
|2 22
|
| 049 |
|
|
|a TXAM
|
| 100 |
1 |
|
|a Sebo, Jeff,
|e author.
|1 https://id.oclc.org/worldcat/entity/E39PBJckTvvv7JRkPVHVRfyGHC
|
| 245 |
1 |
0 |
|a Saving animals, saving ourselves :
|b why animals matter for pandemics, climate change, and other catastrophes /
|c Jeff Sebo.
|
| 264 |
|
1 |
|a New York, NY :
|b Oxford University Press,
|c [2022]
|
| 264 |
|
4 |
|c ©2022
|
| 300 |
|
|
|a 1 online resource (xvii, 249 pages).
|
| 336 |
|
|
|a text
|b txt
|2 rdacontent
|
| 337 |
|
|
|a computer
|b c
|2 rdamedia
|
| 338 |
|
|
|a online resource
|b cr
|2 rdacarrier
|
| 504 |
|
|
|a Includes bibliographical references and index.
|
| 505 |
0 |
|
|a Introduction: Saving animals, saving ourselves -- Animal ethics in a human world -- Animals, pandemics, and climate change -- Limits on inclusion for animals -- Methods of inclusion for animals -- Animals, conflict, and politics -- Animals, well-being, and moral status -- Animals, creation ethics, and population ethics -- Conclusion: Of minks and men.
|
| 520 |
|
|
|a "In 2020, COVID-19, the Australia bushfires, and other global threats served as vivid reminders that human and nonhuman fates are increasingly linked. Human use of nonhuman animals is contributing to pandemics, climate change, and other global threats. And these global threats are, in turn, contributing to biodiversity loss, ecosystem collapse, and nonhuman suffering. In this book, Jeff Sebo argues that humans have a moral responsibility to include animals in global health and environmental policy, by reducing our use of animals as part of our mitigation efforts and increasing our support for animals as part of our adaptation efforts. Applying and extending frameworks such as One Health and the Green New Deal, Sebo calls for reducing support for factory farming, deforestation, and the wildlife trade; increasing support for humane, healthful, and sustainable alternatives; and considering human and nonhuman needs holistically when we do. Sebo also considers connections with practical issues such as education, employment, social services, and infrastructure, as well as with theoretical issues such as well-being, moral status, political status, and population ethics. In all cases, he shows that these issues are both important and complex, and that we should neither underestimate our responsibilities because of our limitations nor underestimate our limitations because of our responsibilities. Both an urgent call to action and a survey of what ethical and effective action will require, this book will be invaluable for scholars, advocates, policy-makers, and anyone else interested in what kind of world we should attempt to build and how"--
|c Provided by publisher
|
| 588 |
0 |
|
|a Description based on online resource; title from home page (Oxford Academic, viewed February 28, 2023).
|
| 650 |
|
0 |
|a Animal welfare
|x Moral and ethical aspects.
|
| 650 |
|
0 |
|a Nature
|x Effect of human beings on.
|
| 650 |
|
0 |
|a Environmentalism.
|
| 650 |
|
6 |
|a Animaux
|x Protection
|x Aspect moral.
|
| 650 |
|
6 |
|a Êtres humains
|x Influence sur la nature.
|
| 650 |
|
6 |
|a Environnementalisme.
|
| 650 |
|
7 |
|a Political.
|2 bisacsh
|
| 650 |
|
7 |
|a PHILOSOPHY.
|2 bisacsh
|
| 650 |
|
7 |
|a Social.
|2 bisacsh
|
| 650 |
|
7 |
|a Global Warming & Climate Change.
|2 bisacsh
|
| 650 |
|
7 |
|a SCIENCE.
|2 bisacsh
|
| 650 |
|
7 |
|a Animal welfare
|x Moral and ethical aspects
|2 fast
|
| 650 |
|
7 |
|a Environmentalism
|2 fast
|
| 650 |
|
7 |
|a Nature
|x Effect of human beings on
|2 fast
|
| 655 |
|
7 |
|a Electronic books.
|2 local
|
| 776 |
0 |
8 |
|i Print version:
|a Sebo, Jeff.
|t Saving animals, saving ourselves.
|d New York, NY : Oxford University Press, [2022]
|z 9780190861018
|w (DLC) 2021049878
|w (OCoLC)1273075332
|
| 856 |
4 |
0 |
|u http://proxy.library.tamu.edu/login?url=https://academic.oup.com/book/41497
|z Connect to the full text of this electronic book
|t 0
|
| 955 |
|
|
|a Oxford Scholarship Online
|
| 955 |
|
|
|a Oxford University Press Open Access ebooks
|
| 994 |
|
|
|a 92
|b TXA
|
| 999 |
f |
f |
|i f78ed3e3-6892-4f86-b523-15918643cd90
|s 3e8e2eb2-6eef-4068-8dd2-b0503c669f8a
|t 0
|
| 952 |
f |
f |
|a Texas A&M University
|b College Station
|c Electronic Resources
|s www_evans
|d Available Online
|t 0
|e HV4708 .S43 2022
|h Library of Congress classification
|
| 998 |
f |
f |
|a HV4708 .S43 2022
|t 0
|l Available Online
|